| 000 | 00866nac a22002411u 4500 | ||
|---|---|---|---|
| 010 | _a 2003265440 | ||
| 020 | _a0231127626 (cloth) | ||
| 020 | _a0231127634 (paper) | ||
| 082 | 0 | 4 |
_a341.2 _bBUL |
| 090 |
_c8460 _d8460 |
||
| 100 | _aBull, Hedley. | ||
| 245 | 1 | 4 |
_aThe anarchical society : _ba study of order in world politics / _cHedley Bull. |
| 250 | _a3rd ed. | ||
| 260 |
_aNew York : _bColumbia University Press,c2002. _cc2002. |
||
| 300 |
_a329 p. ; _c23 cm. |
||
| 500 | _aDistributer: Baccah. | ||
| 504 | _aIncludes bibliographical references (p. 309-320) and index. | ||
| 511 | _aCatalogued By: Mahitab. | ||
| 650 | 0 | _aInternational organization. | |
| 650 | 0 | _aInternational relations. | |
| 942 |
_cNB _k341.2BUL |
||
| 999 |
_c8460 _d8460 |
||